| Поле | Название | Значение |
| |
Тип записи |
a |
| |
Библиографический уровень |
m |
| 001 |
Контрольный номер |
db3794b8d69e470d9c4c3bf21c8698f5 |
| 005 |
Дата корректировки |
20250407152722.7 |
| 010 |
Индекс ISBN |
__ |
| a |
ISBN |
978-5-04-107694-8 |
| b |
Уточнения |
в пер. |
| d |
Цена |
280-00 |
| 100 |
Данные общей обработки |
__ |
| a |
Данные общей обработки |
20210126d2019####a #y0rusy50######ca |
| 101 |
Язык документа |
1_ |
| a |
Язык текста |
rus |
| c |
Язык оригинала |
eng |
| 102 |
Страна публикации |
__ |
| a |
Страна публикации |
RU |
| 200 |
Заглавие и сведения об ответственности |
1_ |
| a |
Заглавие |
451° по Фаренгейту |
| f |
Первые сведения об ответственности |
Рэй Брэдбери |
| g |
Последующие сведения об ответственности |
перевод с английского В. Бабенко |
| 210 |
Выходные данные |
1_ |
| a |
Место издания |
Москва |
| c |
Издательство |
Эксмо |
| d |
Дата издания |
2019 |
| 215 |
Физическое описание |
__ |
| a |
Объем |
316, [2] с. |
| d |
Формат |
21 см |
| 333 |
Примечание о целевом назначении |
__ |
| a |
Примечание о целевом назначении |
16+ |
| 517 |
Другие варианты заглавия |
1_ |
| a |
Другие варианты заглавия |
Четыреста пятьсот один градус по Фаренгейту |
| 606 |
Тематические рубрики |
__ |
| a |
Основная рубрика |
Художественная литература |
| 606 |
Тематические рубрики |
__ |
| a |
Основная рубрика |
Литература Америки (произведения) |
| 610 |
Ключевые слова |
0_ |
| a |
Ключевые слова |
американская литература |
| a |
Ключевые слова |
романы |
| 686 |
Индексы других классификаций |
__ |
| a |
Индекс ББК |
84(7Сое)-4 |
| 700 |
Автор |
_1 |
| a |
Фамилия |
Брэдбери |
| b |
Имя |
Р. |
| g |
Полное личное имя |
Рэй |
| f |
Даты |
1920-2012 |
| 4 |
Код отношения |
070 |
| 702 |
Вторичная интеллектуальная ответственность |
_1 |
| 4 |
Код отношения |
730 |
| c |
Титул (звания) |
русский писатель-фантаст, журналист, переводчик |
| f |
Даты |
1950- |
| a |
Фамилия |
Бабенко |
| b |
Имя |
В. Т. |
| g |
Полное личное имя |
Виталий Тимофеевич |
| 801 |
Источник записи |
_0 |
| b |
Организация |
Центральная районная библиотека им. Г. А. Пирожникова |
| a |
Страна |
RU |
| c |
Дата составления |
20210126 |
| g |
Правила каталогизации |
bzbo |
| 801 |
Источник записи |
_1 |
| b |
Организация |
Центральная районная библиотека им. Г. А. Пирожникова |
| a |
Страна |
RU |
| c |
Дата составления |
20210126 |
| g |
Правила каталогизации |
bzbo |
| 852 |
Данные о местонахождении |
__ |
| j |
Шифр хранения |
84(7Сое) |
| i |
Авторский знак |
Б 897 |
| 901 |
Тип документа |
__ |
| t |
Тип документа |
m |
| 902 |
Роль лиц |
__ |
| a |
Создатель БЗ |
ОКиО/Шумских |